|
|
|
|
| LEADER |
00000nam0a2200000 4500 |
| 001 |
183794 |
| 005 |
20231101223805.0 |
| 010 |
|
|
|a 5823400187
|
| 035 |
|
|
|a (RuTPU)RU\TPU\book\199252
|
| 090 |
|
|
|a 183794
|
| 100 |
|
|
|a 20100823e1993 d y0rusy50 ca
|
| 101 |
1 |
|
|a rus
|c ger
|
| 102 |
|
|
|a RU
|
| 105 |
|
|
|a y j 000cd
|
| 200 |
1 |
|
|a Очерки из истории и народных сказаний. Древняя история от Хеопса до Христа
|e пер. с немецкого
|e [учебное пособие]
|
| 205 |
|
|
|a Репр. изд.
|
| 210 |
|
|
|a Москва
|c Московская международная школа переводчиков
|d 1993
|
| 215 |
|
|
|a 276 с.
|d 22,5 см.
|
| 300 |
|
|
|a Вых. дан. ориг.: М.,1890, издание книжного магазина Вл. Думнова, под фирмою наследн. бр. Салаевых. Типография Э. Лисснера и Ю. Романа.
|
| 600 |
|
0 |
|a Тесей (Тезей)
|c легендарный афинский царь
|f около 13 в. до н. э.
|2 stltpush
|3 (RuTPU)RU\TPU\pers\6831
|9 1252
|
| 600 |
|
0 |
|a Геракл (Гергулес)
|c герой древнегреческой мифологии
|c сын Зевса и смертной женщины Алкмены
|2 stltpush
|3 (RuTPU)RU\TPU\pers\1448
|9 640
|
| 600 |
|
0 |
|a Кир Великий
|d II
|f около 590-530 до н.э.
|c древнеперсидский царь из династии Ахеменидов
|2 stltpush
|3 (RuTPU)RU\TPU\pers\4319
|
| 600 |
|
0 |
|a Камбис (Камбиз, Камбуджия)
|d II
|f ?-522 до н.э.
|c древнеперсидский царь из династии Ахеменидов
|2 stltpush
|3 (RuTPU)RU\TPU\pers\4314
|
| 600 |
|
0 |
|a Дарий
|d I
|f 522-486 до н.э.
|c древнеперсидский царь из династии Ахеменидов
|2 stltpush
|3 (RuTPU)RU\TPU\pers\654
|
| 606 |
1 |
|
|a Древний мир
|x История
|2 stltpush
|3 (RuTPU)RU\TPU\subj\58991
|9 76659
|
| 610 |
1 |
|
|a древняя история
|
| 610 |
1 |
|
|a Рим
|
| 610 |
1 |
|
|a Рим древний
|
| 610 |
1 |
|
|a народные сказки
|
| 686 |
|
|
|a Т3(0)3
|v LBC/SL-A
|2 rubbk
|
| 801 |
|
1 |
|a RU
|b 63413507
|c 20100823
|
| 801 |
|
2 |
|a RU
|b 63413507
|c 20230323
|g RCR
|
| 942 |
|
|
|c BK
|